000 00883nas a2200289 4500
001 BR2011001698
003 BR-BrBNA
005 20231205114522.0
007 ta
008 230509b bl.|||p| |||| 00| 00por d
040 _aBR-BrBNA
_bpor
_cBiblioteca Nacional de Agricultura
041 _a(Pt)
072 _aJ11
100 1 _aSantos, A.M.G.
100 1 _aOliveira, S.M.A. de
100 1 _aSilva, J.M. da
100 1 _aTerao, D.
245 1 _aPodridão por Fusicoccum em mangas submetidas a baixas doses de radiação gama
650 _aMANGA
650 _aPODRIDÃO
650 _aPÓS-COLHEITA
650 _aPROPRIEDADE FÍSICO-QUÍMICA
650 _aVIDA-DE-PRATELEIRA
773 0 _tPesquisa Agropecuária Brasileira (Brazil)
_xISSN 0100-204X
_g(Oct 2010), v. 45(10) p. 1066-1072
_wBR2011001698
909 _a202311
_bLúcia
_c55
_dLúcia Elande
942 _2AGRIS
_n0
_cANA
999 _c209139
_d209139